La proteccin̤ jurd̕ica de la persona en el m̀bito de la Biotecnologa̕ y del Big Data

Detalles Bibliográficos
Autor principal: Martn̕ez Velencoso, Luz Mara̕
Formato: eBook
Lenguaje:español
Publicado: Madrid: Dykinson, 2021
Materias:
Acceso en línea:Acceso restringido

MARC

LEADER 00000nam a22000007a 4500
005 20220719232444.0
007 cr|||| ||||
008 220719s2021 es |||||s|||| 00||0 spa d
020 |a 978-84-1122-101-6 
035 |a 36465 
040 |a vLex 
090 |c 13597  |d 13597 
100 1 |a Martn̕ez Velencoso, Luz Mara̕ 
245 1 2 |a La proteccin̤ jurd̕ica de la persona en el m̀bito de la Biotecnologa̕ y del Big Data  |h [Recurso electrn̤ico] /  |c Luz Mara̕ Martn̕ez Velencoso 
256 |a Servicio en ln̕ea 
260 |a Madrid:  |b Dykinson,  |c 2021 
300 |a 1 recurso electrn̤ico 
500 |a La presente obra titulada “La proteccin̤ jurd̕ica de la persona en el m̀bito de la Biotecnologa̕ y del Big Data” tiene por objeto el anl̀isis de las normas jurd̕icas y la jurisprudencia sobre cuestiones tales como el asesoramiento genťico, el dig̀nostico preimplantacional, la realizacin̤ de pruebas genťicas predictivas de enfermedades, la experimentacin̤ con cľulas madre, la patentabilidad de determinadas invenciones biotecnolg̤icas, la proteccin̤ de los datos genťicos de las personas en la investigacin̤ en el contexto del Big Data… La monografa̕ tiene una vertiente eminentemente prc̀tica, con la intencin̤ de que sea de utilidad a los investigadores en el m̀bito cientf̕ico para preparar sus solicitudes de informe a los Comitš de ťica de la investigacin̤, por un lado, y por el otro, como materiales para el seguimiento de cursos especializados en cuyos programas se ofrezca formacin̤ sobre los aspectos legales de la investigacin̤ Biomďica en el contexto actual de la sociedad digital y de la denominada “eHealth”. Asimismo, tambiň est ̀dirigida a juristas cuyo interš resida en estos temas. La misma se estructura en tres capt̕ulos principales, en los dos primeros, el anl̀isis se centra en los aspectos legales que deben tenerse en cuenta en la investigacin̤ Biomďica tomando como referencia principalmente la Ley de Investigacin̤ Biomďica, en el primer capt̕ulo, y la normativa vigente en materia de proteccin̤ de datos personales, en el segundo, cuestiones de vital importancia para el investigador. En el capt̕ulo tercero, por su parte, es objeto de estudio la regulacin̤ legal de determinadas aplicaciones prc̀ticas en el m̀bito de la Biotecnologa̕. 
506 1 |a Disponible solo en los productos indicados  |d vLex Global  |d vLex Global (Academic Edition, excluding Law Schools)  |d vLex Global (U.S. Academic Edition, Law Schools)  |d vLex Global (U.S. Academic Edition, excluding Law Schools)  |d vLex Global (Academic Edition, Law Schools) 
650 0 4 |a Derecho Militar  |z Espaą 
650 0 4 |a Filosofa̕ y religin̤  |z Espaą 
740 0 |a vLex Libros (Servicio en ln̕ea) 
856 4 0 |u https://app.vlex.com/#/sources/36465  |z Acceso restringido 
942 |c BOOK 
999 0 |a Military Law 
999 0 |a Philosophy and religion